Giáo trình khai phá dữ liệu web
Trình bày một số nội dung cơ bản về khai phá dữ liệu. Tổng quan về khai phá Web. Một số kiến thức toán học cho khai phá dữ liệu Web. Hệ thống tìm kiếm...
Kaydedildi:
| Diğer Yazarlar: | , , , , |
|---|---|
| Materyal Türü: | Kitap |
| Dil: | Vietnamese |
| Baskı/Yayın Bilgisi: |
H.
Giáo dục
2011
|
| Edisyon: | Tái bản lần thứ 1 |
| Konular: | |
| Etiketler: |
Etiketle
Etiket eklenmemiş, İlk siz ekleyin!
|
| Thư viện lưu trữ: | Mạng thư viện Đại học Đà Nẵng |
|---|
| LEADER | 01602aam a22004338a 4500 | ||
|---|---|---|---|
| 001 | 000018185 | ||
| 003 | 14612 | ||
| 005 | 20130924090908.0 | ||
| 008 | 130917s2011 viesd | ||
| 020 | |c 45000 |d 1000b | ||
| 041 | 0 | |a vie | |
| 082 | 1 | 4 | |2 14 |a 006.312 |b Gia |
| 245 | 0 | 0 | |a Giáo trình khai phá dữ liệu web |c Hà Quang Thuỵ (ch.b.), Phan Xuân Hiếu, Đoàn Sơn... |
| 250 | |a Tái bản lần thứ 1 | ||
| 260 | |a H. |b Giáo dục |c 2011 | ||
| 300 | |a 311 tr. |b hình vẽ, bảng |c 24 cm. | ||
| 504 | |a Thư mục: tr. 300-311 | ||
| 520 | |a Trình bày một số nội dung cơ bản về khai phá dữ liệu. Tổng quan về khai phá Web. Một số kiến thức toán học cho khai phá dữ liệu Web. Hệ thống tìm kiếm... | ||
| 650 | 0 | 4 | |2 Bộ TKTVQG |a Cơ sở dữ liệu |v Giáo trình |x Web |
| 650 | 7 | |2 Bộ TKTVQG | |
| 650 | 7 | |2 Bộ TKTVQG | |
| 653 | |a Dữ liệu | ||
| 653 | |a Web | ||
| 655 | 7 | |2 Bộ TKTVQG |a Giáo trình | |
| 700 | 1 | |a Phan Xuân Hiếu | |
| 700 | 1 | |a Đoàn Sơn | |
| 700 | 1 | |a Hà Quang Thuỵ |e ch.b. | |
| 700 | 1 | |a Nguyễn Trí Thành | |
| 700 | 1 | |a Nguyễn Thu Trang | |
| OWN | |a LSP | ||
| AVA | |a UDN50 |b LSP |d 006.312 Gia |e available |t Error 5001 Not defined in file expand_doc_bib_avail. |f 5 |g 0 |h N |i 2 |k 1 | ||
| 999 | |a From the UDN01 | ||
| AVA | |a UDN50 |b LSP |d 006.312 Gia |e available |t Error 5001 Not defined in file expand_doc_bib_avail. |f 5 |g 0 |h N |i 2 |k 1 | ||
| TYP | |a Monograph | ||
| TYP | |a Printed language | ||
| 980 | |a Mạng thư viện Đại học Đà Nẵng | ||